00727 a2200205 4500020001500000040001300015082001200028245007700040260004800117300002900165440004900194650003600243650002000279650001800299700001400317700002000331942002500351999001500376952013000391 a0849392993 aDLCbDLC a621.38100aSpintronic materials and technology c[edited by] Y.B. Xu, S.M. Thompson aBoca Raton, FL :bTaylor & Francis,cc2007. a423 p. :bill. ;c25 cm. 0aSeries in materials science and engineering. 0aMicroelectromechanical systems. 0aNanotechnology. 0aNuclear spin.1 aXu, Y. B.1 aThompson, S. M. cBKk621.381 XUY2ddc c8008d8008 001040708NFICaCLbCLcGENd2007-03-29eSaeed Book Bankg12605.87l0o621.381 XUYpSEECS008284r2012-11-14w2017-01-05yBK